000 00698nam a22002177a 4500
003 OSt
005 20251201133132.0
008 251201b |||||||| |||| 00| 0 eng d
020 _a978-621-04-0380-0
040 _aDWC-Main lib
_cOC
082 _2First edition
_aFil. 338.47911 D681g 2020
100 _aDonesa, Lyn U.
245 _a Global culture and tourism geography/
_cLyn U. Donesa
250 _aFirst edition
260 _aManila, Philippines :
_bRex Bookstore ,
_cc2020.
300 _avii, 276 pages :
_b illustrations ;
_c26cm.
504 _aIncludes bibliographical references
650 _a1. Tourism
650 _a2. Travel
942 _2ddc
_cBK - FIL
_e First edition
_kFil.
_n0
999 _c6654
_d6654